00638cam a22002051i 4500001001300000003000400013005001700017008004100034010001700075035001900092040002600111050002400137082001000161100002900171245006400200260003100264300002900295490009100324999001700415ca 34001136 DLC20260227111133.0770124s1928 nyu 000 0 eng  aca 34001136  a(OCoLC)2698465 aDLCcMNoWdOCoLCdDLC00aPS3507.I87bL6 1928 a812.51 aDivine, Charles,d1889--10aLove in an attic :ba play in one act /cby Charles Divine. aNew York :bFrench,c1928. a24 cm. :bill. ;c19 cm.0 aFrench's international copyrighted edition of the works of the best authors ;vno. 692 c17443d17443